Guess the Old Hollywood Actress - Statistics

General Stats
  • This quiz has been taken 147 times
    48 since last reset
  • The average score is 8 of 16
Answer Stats
Hint Answer % Correct
Little Women, Bringing Up Baby, Holiday Katharine Hepburn
91%
War and Peace, How to Steal a Million Dollars, Robin and Marian Audrey Hepburn
86%
Niagara, River of No Return, How to Marry a Millionaire Marilyn Monroe
86%
Waterloo Bridge, A Streetcar Named Desire, Anna Karenina Vivien Leigh
84%
Notorious, Gaslight, Spellbound Ingrid Bergman
74%
Written on the Wind, The Big Sleep, Harper Lauren Bacall
60%
The Blue Angel, Blonde Venus, Morocco Marlene Dietrich
53%
Suspicion, Rebecca, Born to Be Bad Joan Fontaine
51%
An Affair to Remember, From Here to Eternity, Blimp Deborah Kerr
44%
The Three Faces of Eve, Rachel Rachel, Paris Blues Joanne Woodward
40%
Affair in Trinidad, The Lady from Shanghai, You Were Never Lovelier Rita Hayworth
30%
Scarface, Dinner at Eight, Libeled Lady Jean Harlow
28%
Manhattan Melodrama, The Thin Man, Mr Blandings Builds His Dream House Myrna Loy
26%
Mr Smith Goes to Washington, The More The Merrier, Only Angels Have Wings Jean Arthur
21%
Arabesque, A Countess from Hong Kong, Sunflower Sophia Loren
21%
The Awful Truth, My Favorite Wife, Penny Serenade Irene Dunne
16%
No matching quizzes found
Score Distribution
Percent of People with Each Score
Percentile by Number Answered
Your Score History
You have not taken this quiz since the last reset